000 00696cab a2200253 4500
001 ABS40029
008 090401t1988 xxu||||| |||| 00| 0 eng d
035 _a(Sirsi) u20812
041 _aeng
100 _aFieldman, P.
245 _aDevelopers get in the South-bound lane
260 _c1988
350 _a0
490 _aEstates Times
_v(970) 11 November 1988, 20-22(2)
520 _aReports on the booming office and retail markets in the South of France which is emerging as an important commercial centre.
650 _aCANNES
650 _aDEVELOPMENT
650 _aFRANCE
650 _aMONACO
650 _aNICE
690 _aOVERSEAS
942 _n0
948 _c04/03/1997
999 _c13947
_d13947